Monos, hombres y lenguaje
Furkejuvvon:
| Váldodahkki: | |
|---|---|
| Materiálatiipa: | Girji |
| Giella: | espánnjágiella |
| Almmustuhtton: |
Madrid
Alianza
1985
|
| Ráidu: | Alianza Universidad, 430
|
| Fáttát: | |
| Fáddágilkorat: |
Lasit fáddágilkoriid
Eai fáddágilkorat, Lasit vuosttaš fáddágilkora!
|
MARC
| LEADER | 00000nam a2200000 a 4500 | ||
|---|---|---|---|
| 001 | UCN0454 | ||
| 003 | CL-VaPUC | ||
| 008 | 010323e19850000SP |||||||||||||||||spa|d | ||
| 082 | 0 | 4 | |a 401.9 |b LIN |2 21 |
| 100 | |a Linden, Eugene |e autor |9 455702 | ||
| 245 | 1 | 0 | |a Monos, hombres y lenguaje |
| 300 | |a 308 p | ||
| 942 | |c BK | ||
| 945 | |d 20010323 00:00:00 |a cmena | ||
| 260 | |a Madrid |b Alianza |c 1985 | ||
| 650 | 0 | |a Psicolingüística |9 283371 | |
| 650 | 0 | |a Adquisición del lenguaje |9 309032 | |
| 650 | 0 | |a Psicología del desarrollo |9 307541 | |
| 583 | |a last modification |c 20010323 00:00:00 |k Rodrigo Vera | ||
| 490 | 0 | |a Alianza Universidad, 430 | |
| 999 | |c 294202 |d 294200 | ||
| 952 | |0 0 |1 0 |4 0 |6 401_900000000000000_LIN_1985 |7 0 |8 A |9 346171 |a FDOPOS |b FDOPOS |d 2019-11-20 |i 3691403 |o 401.9 LIN 1985 |p 3691403 |r 2025-01-22 |w 2019-11-20 |y BK |k MLA | ||